000 00701nam a2200289Ia 4500
005 20260324131743.0
008 008 260324s9999 xx 000 0 eng d
020 _a9780203001974
037 _aEBOOK
040 _aCRL
040 _beng
040 _cCRL
041 _2eng
041 _aeng
084 _qCRL
100 _aRon Duncan; Helen James
_91186697
245 0 _aGovernance and Civil Society in Myanmar
245 0 _bEducation, Health and Environment
260 _bTaylor and Francis
260 _c2005
365 _a
365 _b230
856 _uhttp://www.taylorfrancis.com/books/9780203001974
942 _cEBOOK
999 _c1784168
_d1784168